| 000 | 00408nam a22001217a 4500 | ||
|---|---|---|---|
| 008 | 240726b |||||||| |||| 00| 0 eng d | ||
| 040 |
_aNational Science Library _cNational Science Library |
||
| 245 | _aUrbariile tarii fagarasului | ||
| 260 |
_aBucuresti: _bEditura Academiei Republicii Socialiste Romania, _c1970 |
||
| 500 | _aVol. 1, 1601-1650; vii, 968p. | ||
| 700 | _aProdan, D (Ed.) | ||
| 942 |
_2udc _cBK |
||
| 999 |
_c64925 _d64925 |
||